000 01258nam a2200217 i 4500
001 53964
003 ES-MaACL
005 20230906162850.0
007 t|
008 960710m18701872sp |||| | spa d
100 1 _aFerrando, Juan.
_950283
245 1 0 _aHistoria de los PP. Dominicos en las Islas Filipinas y en sus misiones del Japón, China, Tung-kin y Formosa
_b: que comprende los sucesos principales de la historia general de este archipiélago, desde el descubrimiento y conquista de estas islas por las flotas españolas hasta el año 1840 /
_cobra original e inédita del M.R.P. Fr. Juan Ferrando ... ; y corregida, variada y refundida en su plan, en sus formas y en su estilo por Fr. Joaquín Fonseca ... con un apéndice hasta nuestros días ; se imprime por orden del Provincial Fr. Pedro Payo.
260 _aMadrid :
_b[s.n.],
_c1870-1872 (
_fImp. y estereotipia de M. Rivadeneyra)
300 _a6 v. ;
_c23 cm.
530 _aDisponible en formato digital.
610 2 4 _aDominicos-
_xMisiones-
_zAsia.
_9170500
700 1 _aFonseca, Joaquín.
_951520
700 1 _aPayo y Piñeiro, Pedro (
_d1814-1889)
_9170501
852 _aES-MaACL
_jF-5419-24
856 _uhttp://bdh-rd.bne.es/viewer.vm?id=0000248534&page=1
_zBiblioteca Digital Hispánica
999 _c53964
_d53964